Представление документа в формате RUSMARC

ПолеНазваниеЗначение
  Тип записи a
  Библиографический уровень a
001 Контрольный номер RU/CBS_UL/BASE/058dcc8d042b4788a90afec852bd7432
005 Дата корректировки 20260318015617.0
100 Данные общей обработки __
a Данные общей обработки 20260318 ||| 0rusy0189 ca
101 Язык документа 0_
a Язык текста rus
102 Страна публикации __
a Страна публикации RU
200 Заглавие и сведения об ответственности 1_
a Заглавие Драгоценный уваровит
e Сведения, относящиеся к заглавию [о минералогии в деятельности министра народного просвещения С.С. Уварова]
f Первые сведения об ответственности А. Вершинин
300 Общие примечания __
a Общие примечания 16+
320 Библиография __
a Библиография Библиогр.: с. 102-105
461 Уровень набора _0
1 2000
a Родина
463 Уровень физической единицы _0
1 001RU/CBS_UL/BASE/695229592
1 2000
a № 5
v С.
1 210
d 2021
600 Персоналии _1
a Персоналии (Фамилия) Уваров
b Персоналии (Имя, инициалы) С.С.
606 Тематические рубрики 0_
a Основная рубрика Уваров, Сергей Семёнович (1786-1855)
610 Ключевые слова 0_
a Ключевые слова Императорская Публичная библиотека, цензурный надзор, история культуры, человек второго плана в истории, библиотеки, государственные деятели, цензура, сотрудники библиотеки, поэты
686 Индексы других классификаций __
2 Код системы rubbk
a Классификационный индекс 63.3(2)5-8
700 Автор _1
a Фамилия Вершинин
b Имя (инициалы) А.
801 Источник записи _0
a Страна RU
b Организация МБУК ЦБС г. Ульяновска
c Дата составления 20260318
g Правила каталогизации RCR
801 Источник записи _1
a Страна RU
b Организация МБУК ЦБС г. Ульяновска
c Дата составления 20260318
g Правила каталогизации RCR
901 Тип документа __
t Тип документа b
w Контрольный № источника RU/CBS_UL/BASE/695229592
909 Создатель записи __
a Создатель записи lib1